| 000 | 00757nam a2200217 u 4500 | ||
|---|---|---|---|
| 005 | 20210223132435.0 | ||
| 008 | 140829s2007 mx r 000 0 spa d | ||
| 020 | _a9705775282 | ||
| 035 | _aUPN01000199229 | ||
| 049 | _aF | ||
| 050 | 4 |
_aQH442.2 _bA4.4 |
|
| 100 | 1 |
_aAndrieu, Philippe _936084 |
|
| 245 | 1 | 1 |
_a¿Están locos los científicos? : _bclonación y manipulación de los seres vivos / _cPhilippe Andrieu ; il. Stéphane Kiehl ; tr. Victoria Schussheim. |
| 260 |
_aMéxico : _bLibros del Escarabajo, _c2007. |
||
| 300 |
_a47 p. : _bil. col. |
||
| 440 | 0 | _aSociedad. | |
| 534 |
_pTítulo original: _tLes scientifiques sont-ils fous ? : clonage et manipulations du vivant |
||
| 650 | 4 |
_aCLONACION _914216 |
|
| 905 | _aLibro | ||
| 999 |
_c171330 _d171330 |
||